Регионална библиотека "Любен Каравелов" - Русе

Мики Маус разнася коледната поща (Запис номер 539412)

MARC детайли
000 -Лидер
Контролно поле с фиксирана дължина 01042nas a22002777a 4500
003 - Код на организацията, давaща контролен номер
Контролно поле BLK
005 - Дата и час на последна редакция
Контролно поле 20250724162306.0
008 - Елементи от данни с фиксирана дължина
fixed length control field 210315b bu |||||r|||| 00| 0 bu d
022 ## - Международен стандартен номер на серия ISSN
Международният стандартен номер на серията ISSN 9772612121039
040 ## - Източник на каталожния запис
Идентификатор на билиотеката - собственик на записа BLK
041 ## - Код за език
Код за езика на текст/звукозапис или на отделно заглавие Български
Код за езика КДБФ Български
080 ## - УДК
Текстов определител УДК Литература на отделни езици и езикови семейства
УДК код - определител по УДК 821
УДК определител -93-34
УДК - код + определител 821-93-34
139 ## - Редно поле
Редна дума Мики Маус разнася коледната поща
Авторски знак Мик - М 54
245 ## - Сведения за заглавието
Заглавие Мики Маус разнася коледната поща
260 ## - Област на издателските данни
9 (RLIN) 210229
Място на издаване, разпространение и проч. Milano
Име на издателя, разпространителя и проч. Hachette
Година на издаване 2019
300 ## - Физическа характеристика
Страници [28] с.
Илюстрации и др. с цв. ил.
Размери/Мащаб 21 см
380 ## - Жанр
Жанр Детска худож. лит.
490 ## - СЕРИИ (Колекции)
9 (RLIN) 206211
Име на серия Disney / Pixar
490 ## - СЕРИИ (Колекции)
9 (RLIN) 443207
Име на серия Златна колекция вълшебни приказки
№: серия 42
ISSN 2612-1212
500 ## - Общи забележки
Забележка Прев. от англ. ез. - Изд. на Disney
852 ## - Местоположение
Форматна сигнатура 821-93-94/Т 96
Фондова буква Детски отдел
942 ## - АРТИКУЛИ
Вид на библиотечния материал Продължаващи издания
Скрит в OPAC Не
Периодичен библиозапис Да
Koha issues (borrowed), all copies 36
944 ## - СЪЗДАВАНЕ И РЕДАКЦИЯ на ЗАПИСА
Служител, извършил регистрацията/редакцията 30552
Статус, дата на статуса Виолета Тройчева
Дата на регистрацията/редакция Моника Янева
944 ## - СЪЗДАВАНЕ И РЕДАКЦИЯ на ЗАПИСА
Служител, извършил регистрацията/редакцията М.Я.
999 ## - СИСТЕМНИ КОНТРОЛНИ НОМЕРА
Koha biblionumber 539412
Koha biblioitemnumber 539412
999 ## - СИСТЕМНИ КОНТРОЛНИ НОМЕРА
Koha biblioitemnumber 539412
Наличности
Код за отписване Код за изгубен артикул Източник на класификационната схема Код за повреда Код за отдаване Артикулен № Име на библиотеката - собственик Име на библиотеката, в която се намира в момента Статус (Текущо местоположение) Дата на вписване в системата Местоположение - отдел Цена в лева Инвентарен номер Систематично азбучна сигнатура Баркод Цена в евро Служебен тип на артикула
  Не е изгубен Universal Decimal Classification Не е повреден заемане за дома 975491 Регионална библиотека "Любен Каравелов" Русе Регионална библиотека "Любен Каравелов" Русе Детски отдел 2025-06-10 Детски отдел 5.95 120000920461 821-93/М 54 120000920461 3.04 Продължаващи издания
Vip Innovations Ltd, Rousse, Bulgaria 2025